000 00444nam a22001817a 4500
003 koha_MIRAKIL
005 20231213065333.0
008 231213b |||||||| |||| 00| 0 ||| d
020 _b978-3-85272-001-2
040 _aTR-IsEVY
_btur
_cTR-IsEVY
082 _a420 DOY//T
100 _aDOYLE, ARTHUR CONAN.
245 4 _aTHE RED-headed LEAGUE.
260 _bHELBLING,
_c2007
300 _a63.
650 _aİngiliz Dili.
942 _2ddc
_cBK
999 _c1956
_d1956